000 01146nam0a22002531 4500
001 rc\378275
005 20260407122617.0
035 _a(NLR Aleph) 005610012
090 _a6403295
_c6403295
100 _a20030307d1989 |||y0rusy50 ca
101 0 _arus
102 _aRU
105 _ay |||||||||
200 1 _aОРГАНИЗАЦИЯ производительного труда школьников в новых условиях хозяйствования
_eМатериалы в помощь лектору
_e[Метод. материалы]
_fБашк. респ. орг. о-ва "Знание"
_g[Подгот. Тагариев Р.З., к. п. н., доц., Нуртдинов Р.К.]
210 _aУфа
_cУфим. НИИпромстрой
_d1989
215 _a35 с.
_d21
320 _aБиблиогр.: с. 34-35
702 1 _aТагариев
_bР.З.
_gРашит Закиевич
_4570
712 0 2 _a"Знание", общество РСФСР
_bБашкирское отделение
_3RU\NLR\AUTH\889959405
_9414979
801 0 _aRU
_bNLR
_gpsbo
801 1 _aRU
_bELAR
_2rusmarc
852 _aNLR
_j90-4/10342
942 _cBOOK
980 _aNB